000 00348nam a22001457a 4500
020 _a978-81-965105-6-5
082 _a894.812
_bNIM/E
100 _aVIJAY, NIMNA
245 _aETTAVUM PRIYAPETTA ENNODU
250 _aTHIRD EDITION
260 _aCALICUT
_bMANKIND LITERATURE
_c2023
300 _a216
650 _aMALAYALAM NOVEL
_zKERALA
942 _cBK
999 _c7192
_d7192